Administrative Law / (Record no. 587095)

000 -LEADER
fixed length control field 00364nam a22001337a 4500
082 ## - DEWEY DECIMAL CLASSIFICATION NUMBER
Classification number 342.06 ZAF
100 ## - MAIN ENTRY--PERSONAL NAME
Personal name Zafar, Emmanuel
245 ## - TITLE STATEMENT
Title Administrative Law /
Statement of responsibility, etc. Emmanuel Zafar
260 ## - PUBLICATION, DISTRIBUTION, ETC.
Place of publication, distribution, etc. Lahore :
Name of publisher, distributor, etc. Eastern Law Book House,
Date of publication, distribution, etc. N.A.
300 ## - PHYSICAL DESCRIPTION
Extent 521 p. ;
Dimensions 24 cm.
942 ## - ADDED ENTRY ELEMENTS (KOHA)
Source of classification or shelving scheme
Koha item type Book
Holdings
Withdrawn status Lost status Source of classification or shelving scheme Damaged status Not for loan Permanent Location Current Location Shelving location Date acquired Source of acquisition Full call number Barcode Date last seen Price effective from Koha item type Total Checkouts
          NUST Law School (NLS) NUST Law School (NLS) Law 12/06/2021 Federal Law House 342.06 ZAF CL-668 12/06/2021 12/06/2021 Book  
          NUST Law School (NLS) NUST Law School (NLS) Law 12/06/2021 Federal Law House 342.06 ZAF CL-669 12/06/2021 12/06/2021 Book  
          NUST Law School (NLS) NUST Law School (NLS) Law 12/06/2021 Federal Law House 342.06 ZAF CL-670 06/03/2025 12/06/2021 Book  
          NUST Law School (NLS) NUST Law School (NLS)   06/28/2025   342.06 ZAF NLS-2722 06/28/2025 06/28/2025 Book  
          NUST Law School (NLS) NUST Law School (NLS)   06/28/2025   342.06 ZAF NLS-2723 06/28/2025 06/28/2025 Book  
          NUST Law School (NLS) NUST Law School (NLS)   06/28/2025   342.06 ZAF NLS-2724 06/28/2025 06/28/2025 Book  
© 2023 Central Library, National University of Sciences and Technology. All Rights Reserved.